Indian economy since independence (Record no. 347450)

000 -LEADER
fixed length control field 00338cam a22001217a 4500
008 - FIXED-LENGTH DATA ELEMENTS--GENERAL INFORMATION
fixed length control field 180718b1988 xxu||||| |||| 00| 0 eng d
082 ## - DEWEY DECIMAL CLASSIFICATION NUMBER
Classification number T19x54 K141
245 ## - TITLE STATEMENT
Title Indian economy since independence
Statement of responsibility, etc. edited by Uma Kapila
260 ## - PUBLICATION, DISTRIBUTION, ETC.
Place of publication, distribution, etc. Delhi
Name of publisher, distributor, etc. Synapse
Date of publication, distribution, etc. 1988
300 ## - PHYSICAL DESCRIPTION
Extent 2v.
650 ## - SUBJECT ADDED ENTRY--TOPICAL TERM
Topical term or geographic name entry element India - Economic conditions
700 ## - ADDED ENTRY--PERSONAL NAME
Personal name Kapila, Uma
Holdings
Withdrawn status Lost status Damaged status Not for loan Permanent Location Current Location Date acquired Full call number Barcode Date last seen Price effective from Koha item type
        Indian Institute of Public Administration Indian Institute of Public Administration 2011-08-19 T0x54 K141 83575 2018-07-21 2018-07-21 Book
        Indian Institute of Public Administration Indian Institute of Public Administration 2010-03-10 T0x54 K141 65513 2018-07-21 2018-07-21 Book
        Indian Institute of Public Administration Indian Institute of Public Administration 2010-03-10 T0x54 K141 65512 2018-07-21 2018-07-21 Book
        Indian Institute of Public Administration Indian Institute of Public Administration 2010-03-10 T0x54 K141 65511 2018-07-21 2018-07-21 Book
        Indian Institute of Public Administration Indian Institute of Public Administration 1993-10-18 T19x54 K141 63873 2018-07-21 2018-07-21 Book
        Indian Institute of Public Administration Indian Institute of Public Administration 1993-10-18 T19x54 K141 63872 2018-07-21 2018-07-21 Book

Powered by Koha